000 00528nam a2200193 i 4500
001 bgj
100 1 _aTHOMSETT, Michael C.
245 0 _aReal Estate Dictionary /
_cMichael C. Thomsett.
260 _aJefferson, NC :
_bMcFarland & Company Inc.,
_cc. 1988
_aLondon.
300 _aXI, 220 pp :
_bfig. ;
_c24 cm.
650 9 _aReal estate business
655 _aDictionaries
020 _a0899503217
040 _cBPK
041 0 _aeng
920 _a0-89950-321-7
942 _cKS
008 s uk f |000 0 eng
999 _c47687
_d47687
856 _uhttp://koha.tu.koszalin.pl/cgi-bin/koha/opac-detail.pl?biblionumber=47687
_yKatalog online BPK